LEADER 00914nam a2200241 i 4500 001 991001161099707536 008 050720s2002 maua b 001 0 eng d 020 $a0674006275 035 $ab13329637-39ule_inst 040 $aDip.to Studi Giuridici$bita 082 0 $a338.9$221 100 1 $aLucas, Robert E.$0127091 245 10$aLectures on economic growth /$cRobert E. Lucas, Jr. 260 $aCambridge, Mass. :$bHarvard University Press,$c2002 300 $axi, 204 p. :$bill. ;$c24 cm 504 $aInclude riferimenti bibliografici (p. 191-199) e indice 650 4$aSviluppo economico 907 $a.b13329637$b21-09-06$c20-07-05 912 $a991001161099707536 945 $aLE027 338.90 LUC01.01$g1$i2027000106684$lle027$o-$pE61.00$q-$rl$s- $t0$u0$v0$w0$x0$y.i14109785$z20-07-05 996 $aLectures on economic growth$9473647 997 $aUNISALENTO 998 $ale027$b20-07-05$cm$da $e-$feng$gmau$h0$i0